000 00287nam a22001337a 4500
008 170215b xxu||||| |||| 00| 0 eng d
020 _a9780534607708
041 _aeng
080 _24ED
_a61
100 _a4
101 _aSHM
245 _aAN INVITATION HEALTH
_cHALES
942 _2udc
_cBK
999 _c5512
_d5512